Introduction to quantum mechanics for electrical engineers /

Bibliographic Details
Main Author: Lindsay, P. A. (Peter A.)
Format: Book
Language:English
Published: New York : McGraw-Hill, [1967]
Subjects:

MARC

Tag First Indicator Second Indicator Subfields
LEADER 00000cam a22000001 4500
001 in00000046401
005 20151007071343.0
008 740504s1967 nyua b 00010 eng
010 |a  67007553  
035 |a (OCoLC)00534960 
035 |9 AAE5809AM 
040 |a DLC  |c DLC  |d TXA  |d UtOrBLW 
049 |a TXAM  |c [472988] 
050 0 0 |a QC174.1  |b .L52 1967 
082 0 |a 530.12 
092 |a 530.12  |b L749i, 1967 
100 1 |a Lindsay, P. A.  |q (Peter A.) 
245 1 0 |a Introduction to quantum mechanics for electrical engineers /  |c [by] P. A. Lindsay. 
264 1 |a New York :  |b McGraw-Hill,  |c [1967] 
300 |a xi, 240 pages :  |b illustrations ;  |c 24 cm. 
336 |a text  |b txt  |2 rdacontent 
337 |a unmediated  |b n  |2 rdamedia 
338 |a volume  |b nc  |2 rdacarrier 
504 |a Includes bibliographies. 
650 0 |a Quantum theory. 
999 |a MARS 
999 f f |s b7962f7b-8c62-383e-84bc-c280976aa720  |i d7bff3a8-4b7b-3b4a-82a5-642e42bdc867  |t 0 
952 f f |p normal  |a Texas A&M University  |b College Station  |c Sterling C. Evans Library  |d Evans: Library Stacks  |t 0  |e QC174.1 .L52 1967  |h Library of Congress classification  |i unmediated -- volume  |m A14800909984 
998 f f |a QC174.1 .L52 1967  |t 0  |l Evans: Library Stacks